000 00653nam a2200241 i 4500
001 C2-0095914
003 PPAK
005 20180727093359.0
008 970518s1982 enk |||| ||||| | eng d
020 _a0875895166
040 _aPPAK
_beng
_cPPAK
_erda
082 0 4 _a301.018
_223
090 0 0 _a301.018
_bSOC
_dG
245 0 0 _aSociological methodology 1982
250 _aLeinhardt, Samuel
264 1 _aLondon :
_bJossey - Bass ,
_c1982
300 _axxiii, 376 pages ;
_c24 cm
336 _2rdacontent
_atext
337 _2rdamedia
_aunmediated
338 _2rdacarrier
_avolume
650 1 0 _aSociology - Methodology - Yearbooks
942 _ddc
_cB
999 _c20525
_d20525